| 000 | 00521nam a2200181Ia 4500 | ||
|---|---|---|---|
| 008 | 240729s9999 xx 000 0 und d | ||
| 022 | _a2731-5843 | ||
| 245 | 0 | _aManagement System Engineering | |
| 260 | _aSingapore | ||
| 260 | _bSpringer | ||
| 650 | _a Industrial engineering. Management engineering | ||
| 650 | _a Management information systems | ||
| 650 | _a Technology (General) | ||
| 650 | _aTechnology | ||
| 856 | _uhttps://doaj.org/toc/3825b738d763449096d8fae28b407673 | ||
| 942 | _2ddc | ||
| 942 | _cDOAJEJ | ||
| 999 |
_c68919 _d68919 |
||
| 945 |
_a1 _bMadushi Gamage _c1 _dMadushi Gamage |
||